Atharva-Veda samhita (Record no. 19964)

MARC details
000 -LEADER
fixed length control field 00296nam a22001337a 4500
020 ## - INTERNATIONAL STANDARD BOOK NUMBER
ISBN 978817110726
082 ## - DEWEY DECIMAL CLASSIFICATION NUMBER
Classification number 294.59215 JOS
100 ## - MAIN ENTRY--AUTHOR NAME
Author name Joshi, K.L.
245 ## - TITLE STATEMENT
Title Atharva-Veda samhita
260 ## - PUBLICATION, DISTRIBUTION, ETC. (IMPRINT)
Place of publication Parimal Publication
Name of publisher Delhi
Year of publication 2015
300 ## - PHYSICAL DESCRIPTION
Number of Pages 638
650 ## - SUBJECT ADDED ENTRY--TOPICAL TERM
Topical Term Atharva Veda
942 ## - ADDED ENTRY ELEMENTS (KOHA)
Koha item type Books

No items available.

                   Copyright © 2026 | Henry Martyn Institute | Hyderabad | TS-500052 | INDIA | Implemented by hmi.edu.in
Hit-Count:

Powered by Koha